|
|
|
|
| LEADER |
00652nab a2200193 i 4500 |
| 001 |
acta12082 |
| 005 |
20250904082850.0 |
| 008 |
161015s1940 hu o 000 hun d |
| 040 |
|
|
|a SZTE Egyetemi Kiadványok Repozitórium
|b hun
|
| 041 |
|
|
|a hun
|
| 100 |
1 |
|
|a Tankó Béla
|
| 245 |
1 |
0 |
|a Tudomány és vallás
|h [elektronikus dokumentum] /
|c Tankó Béla
|
| 260 |
|
|
|c 1940
|
| 300 |
|
|
|a 15-28
|
| 490 |
0 |
|
|a Szellem és élet
|v 4 No. 1
|
| 650 |
|
4 |
|a Bölcsészettudományok
|
| 650 |
|
4 |
|a Filozófia, etika és vallástudományok
|
| 695 |
|
|
|a Vallás, Tudományelmélet
|
| 856 |
4 |
0 |
|u http://acta.bibl.u-szeged.hu/12082/1/szellem_1940_001_015-028.pdf
|z Dokumentum-elérés
|